Loading...

International human resource management

Bibliographic Details
Main Author: Harzing, Anne-Wil; Pinnington, Ashly h
Format: Printed Book
Published: Sage Publications 2011
Edition:3 edition
Subjects:
LEADER 00616nam a2200193 4500
020 |c 595 
082 |a 658.3In HAR 
100 |a Harzing, Anne-Wil; Pinnington, Ashly h 
245 |a International human resource management  |c Harzing, Anne-Wil; Pinnington, Ashly h 
250 |a 3 edition 
260 |a Sage Publications  |c 2011 
300 |a 642 p 
490
500
590 |a DREAMTECH  |b D 
650 |a International human resource management 
942 |c BK 
999 |c 144260  |d 144260 
952 |0 0  |1 0  |4 0  |6 658_000000000000000_3IN_HAR  |7 0  |9 157720  |a IMK  |b IMK  |g 595.00  |l 0  |o 658.3In HAR  |p IMK10621  |r 2019-10-25  |w 2019-10-25  |y BK